| 000 | 00444nam a2200181Ia 4500 | ||
|---|---|---|---|
| 005 | 20240823054802.0 | ||
| 008 | 240823s9999||||xx |||||||||||||| ||und|| | ||
| 041 | _aENGLISH | ||
| 082 | _A621.4021 Q4 | ||
| 100 | _aVijayaraghavan G K | ||
| 245 | 0 | _aEngineering ThermoDynamics | |
| 250 | _a10th | ||
| 260 |
_c2014 _bLakshmi Publica |
||
| 500 | _aTRANSFERED | ||
| 650 |
_aMechanical _bMechanical |
||
| 700 | _aSundaravalli S | ||
| 942 | _cBK | ||
| 999 |
_c227270 _d227270 |
||